000 00586nam a22001817a 4500
005 20251108165510.0
008 250721s2000 xx 000 0 ara d
082 1 4 _aم/103/حفن
100 1 _aالحفني، عبد المنعم
245 1 0 _aالمعجم الشامل لمصطلحات الفلسفة في العربية و الإنجليزية /
264 1 _aالقاهره :
_bمكتبة مدبولي،
_c2000.
300 _a1005ص
650 1 7 _aالقواميس
650 1 7 _aمعاجم المصطلحات
650 1 7 _aالفلسفة
942 _2ddc
_cREF
999 _c29345
_d29345